Statistics for What's Wrong With This Map of Asia?

Click here to take the quiz!

General Stats

  • This quiz has been taken 660 times
  • The average score is 9 of 10

Answer Stats

IncorrectCorrect% Correct
North KoreaSouth Korea
99%
BruneiIndonesia
97%
MongoliaKazakhstan
97%
BhutanMyanmar
95%
LaosThailand
95%
IraqIran
94%
OmanYemen
94%
ISISIraq
93%
Sri LankaMaldives
93%
PakistanTurkmenistan
92%

Score Distribution

Percentile by Number Answered

Percent of People with Each Score

Your Score History

You have not taken this quiz